Library of the University of Algiers 3
Ibrahim Sultan Cheibout
شعار جامعة الجزائر 3
مكتبة جامعة الجزائر 3
إبراهيم سلطان شيبوط

الفكر الاستراتيجي : (رقم التسجيلة. 44609)

تفاصيل مارك
000 -LEADER
fixed length control field 02269nam a2200301Ia 4500
003 - CONTROL NUMBER IDENTIFIER
control field Ost
005 - DATE AND TIME OF LATEST TRANSACTION
control field 20260507075449.0
008 - FIXED-LENGTH DATA ELEMENTS--GENERAL INFORMATION
fixed length control field 260507s9999||||xx |||||||||||||| ||und||
020 ## - INTERNATIONAL STANDARD BOOK NUMBER
International Standard Book Number 4150169957
040 ## - CATALOGING SOURCE
Transcribing agency fsecg
041 ## - LANGUAGE CODE
Language code of text/sound track or separate title ara
082 ## - DEWEY DECIMAL CLASSIFICATION NUMBER
Classification number 658.401
100 ## - MAIN ENTRY--PERSONAL NAME
Personal name الخفاجي، نعمة عباس
Relator term مؤلف
245 #0 - TITLE STATEMENT
Title الفكر الاستراتيجي :
Remainder of title قراءات معاصرة /
Statement of responsibility, etc. نعمة عباس الخفاجي
260 ## - PUBLICATION, DISTRIBUTION, ETC.
Place of publication, distribution, etc. عمان:
Name of publisher, distributor, etc. دار الثقافة للنشر و التوزيع,
Date of publication, distribution, etc. 2008
300 ## - PHYSICAL DESCRIPTION
Extent 334 صفحة؛
Dimensions 24 سم
504 ## - BIBLIOGRAPHY, ETC. NOTE
Bibliography, etc. note بيبليوغرافيا ص.327
520 ## - SUMMARY, ETC.
Summary, etc. يتضمن هذا الكتاب مايلي : منطق إدارة التحديات الإستراتيجية في منظمات الأعمال -تحليل الدور الإستراتيجي لتكنولوجيا المعلومات في منظمات الأعمال -منطق الإدارة الإستراتيجية الأعمال الالكترونية وفق المدرسة المعرفية -تحليل تأثير تكنولوجيا المعلومات في المقدرات الجوهرية(دراسة ميدانية) -ملامح نشوء الفكر الإستراتيجي ومداخل هندسته -ملامح الشخصية الإستراتيجية للمدريين(منظور معرفي)تحليل دور القيادة الإستراتيجية في منظمات الأعمال -التحليل المعرفي للتصور والتوجه والتفكير الإستراتيجي -رأس المال الإستراتيجي(فكرة وملامح) -التصور المعرفي والأخلاقي للقوة الإستراتيجية لمنظمات الأعمال -عقلانية التحالفات الإستراتيجية(الوفرات والكلف) -تحليل المحفظة الإستراتيجية وفق المدخل المعرفي(تأطير نظري)
653 ## - INDEX TERM--UNCONTROLLED
Uncontrolled term إدارة الأعمال
653 ## - INDEX TERM--UNCONTROLLED
Uncontrolled term إدارة المشروعات
653 ## - INDEX TERM--UNCONTROLLED
Uncontrolled term التخطيط
653 ## - INDEX TERM--UNCONTROLLED
Uncontrolled term الثقافة
653 ## - INDEX TERM--UNCONTROLLED
Uncontrolled term الفكر
653 ## - INDEX TERM--UNCONTROLLED
Uncontrolled term المعلومات الإدارية
700 ## - ADDED ENTRY--PERSONAL NAME
Personal name الجبوري عبد الرحمان
Relator term مؤلف ثانوي
700 ## - ADDED ENTRY--PERSONAL NAME
Personal name محسن، الغالبي طاهر
Relator term مؤلف ثانوي
942 ## - ADDED ENTRY ELEMENTS (KOHA)
Koha item type كتب
المقتنيات
Withdrawn status Lost status Source of classification or shelving scheme Damaged status Not for loan Home library Current library Date acquired Serial enumeration / chronology Inventory number Total checkouts Full call number Barcode Date last seen Price effective from Koha item type
    Dewey Decimal Classification   Available مكتبة كلية العلوم الإقتصادية والعلوم التجارية وعلوم التسيير مكتبة كلية العلوم الإقتصادية والعلوم التجارية وعلوم التسيير 07/05/2026 الطابق الأرضي 4043   أ/2844ن1 4043 07/05/2026 07/05/2026 كتب
    Dewey Decimal Classification   Available مكتبة كلية العلوم الإقتصادية والعلوم التجارية وعلوم التسيير مكتبة كلية العلوم الإقتصادية والعلوم التجارية وعلوم التسيير 07/05/2026 الطابق الأرضي 4044   أ/2844ن2 4044 07/05/2026 07/05/2026 كتب
    Dewey Decimal Classification   Available مكتبة كلية العلوم الإقتصادية والعلوم التجارية وعلوم التسيير مكتبة كلية العلوم الإقتصادية والعلوم التجارية وعلوم التسيير 07/05/2026 الطابق الأرضي 4045   أ/2844ن3 4045 07/05/2026 07/05/2026 كتب
    Dewey Decimal Classification   Available مكتبة كلية العلوم الإقتصادية والعلوم التجارية وعلوم التسيير مكتبة كلية العلوم الإقتصادية والعلوم التجارية وعلوم التسيير 07/05/2026 الطابق الثاني 4046   أ/2844ن4 4046 07/05/2026 07/05/2026 كتب
    Dewey Decimal Classification   Available مكتبة كلية العلوم الإقتصادية والعلوم التجارية وعلوم التسيير مكتبة كلية العلوم الإقتصادية والعلوم التجارية وعلوم التسيير 07/05/2026 الطابق الثاني 4047   أ/2844ن5 4047 07/05/2026 07/05/2026 كتب
    Dewey Decimal Classification   Available مكتبة كلية العلوم الإقتصادية والعلوم التجارية وعلوم التسيير مكتبة كلية العلوم الإقتصادية والعلوم التجارية وعلوم التسيير 07/05/2026 مكتبة بن عكنون 4048   أ/2844ن6 4048 07/05/2026 07/05/2026 كتب
    Dewey Decimal Classification   Available مكتبة كلية العلوم الإقتصادية والعلوم التجارية وعلوم التسيير مكتبة كلية العلوم الإقتصادية والعلوم التجارية وعلوم التسيير 07/05/2026 مكتبة بن عكنون 4049   أ/2844ن7 4049 07/05/2026 07/05/2026 كتب
    Dewey Decimal Classification   Available مكتبة كلية العلوم الإقتصادية والعلوم التجارية وعلوم التسيير مكتبة كلية العلوم الإقتصادية والعلوم التجارية وعلوم التسيير 07/05/2026 مكتبة بن عكنون 4050   أ/2844ن8 4050 07/05/2026 07/05/2026 كتب
    Dewey Decimal Classification   NOT LOAN / إعارة داخلية مكتبة كلية العلوم الإقتصادية والعلوم التجارية وعلوم التسيير مكتبة كلية العلوم الإقتصادية والعلوم التجارية وعلوم التسيير 07/05/2026 الطابق الأرضي 26676   أ/2844ن9 26676 07/05/2026 07/05/2026 كتب

موارد الويب المفتوحة


© University of Algiers 3 All Rights Reserved
|
Implemented by LECHELAH Riad